| 000 | 01067cam a2200337 a 4500 | ||
|---|---|---|---|
| 999 |
_c28849 _d28820 |
||
| 001 | 900535 | ||
| 003 | EG-ScBUE | ||
| 005 | 20200927123622.0 | ||
| 008 | 900322s1986 enk f b 00100 eng d | ||
| 020 | _a0063183404 | ||
| 035 | _a(OCoLC)ocn687989773 | ||
| 035 | _a(CStRLIN)CTYG90-B17040 | ||
| 035 | _a900535 | ||
| 040 |
_aNBiSU _beng _erda _cNBiSU _dEG-ScBUE |
||
| 043 | _ae-uk--- | ||
| 082 | 0 | 4 |
_a307.76094 _bCON _222 |
| 245 | 0 | 4 |
_aThe Contemporary British city / _cedited by Paul Lawless and Colin Raban. |
| 264 | 1 |
_aLondon : _bHarper & Row Publishers, _c1986. |
|
| 300 |
_a176 pages ; _c24 cm |
||
| 336 |
_2rdacontent _atext _btxt |
||
| 337 |
_2rdamedia _aunmediated _bn |
||
| 338 |
_2rdacarrier _avolume _bnc |
||
| 504 | _aIncludes bibliographical references and index. | ||
| 650 | 7 |
_aCities and towns _zGreat Britain. _2BUEsh |
|
| 650 | 7 |
_aMunicipal government _zGreat Britain. _2BUEsh |
|
| 653 |
_bHHUUEENN _cSeptember2020 |
||
| 655 |
_vReading book _934232 |
||
| 700 | 1 |
_aLawless, Paul, _eeditor. |
|
| 700 | 1 |
_aRaban, Colin, _eeditor. |
|
| 942 |
_2ddc _cBB |
||